[Event "EU-ch U16 23rd"]
[Site "Budva"]
[Date "2013.10.06"]
[Round "7"]
[White "Procop, Egor"]
[Black "Lopatik, Nikita"]
[Result "1-0"]
[WhiteElo "2062"]
[BlackElo "1981"]
[PlyCount "48"]
[EventDate "2013.09.29"]
[EventType "swiss"]
[EventRounds "9"]
[EventCountry "MNE"]
[SourceTitle "CBM 156 Extra"]
[Source "ChessBase"]
[SourceDate "2013.10.22"]
[SourceVersion "1"]
[SourceVersionDate "2013.10.22"]
[SourceQuality "1"]

1. e4 c5 2. b4 cxb4 3. a3 bxa3 4. Nf3 Nc6 5. d4 d5 6. exd5 Qxd5 7. c4 Qd8 8. d5 Nb8 9. Bxa3 Nf6 10. Nc3 g6 11. d6 exd6 12. Nb5 d5 13. Qe2+ Be6 14. cxd5 Bxa3 15. Rxa3 Nxd5 16. Nbd4 Qe7 17. Nxe6 fxe6 18. Qe4 Nc6 19. Bc4 0-0 20. 0-0 a6 21. Rfa1 Rad8 22. Ne5 Nf4 23. Bf1 Qg5 24. Kh1 Qf5 1-0

[Event "EU-ch U16 23rd"]
[Site "Budva"]
[Date "2013.10.05"]
[Round "6"]
[White "Bosnjak, Petar"]
[Black "Procop, Egor"]
[Result "1-0"]
[WhiteElo "2152"]
[BlackElo "2062"]
[PlyCount "63"]
[EventDate "2013.09.29"]
[EventType "swiss"]
[EventRounds "9"]
[EventCountry "MNE"]
[SourceTitle "CBM 156 Extra"]
[Source "ChessBase"]
[SourceDate "2013.10.22"]
[SourceVersion "1"]
[SourceVersionDate "2013.10.22"]
[SourceQuality "1"]

1. e4 e6 2. d4 d5 3. Nd2 Nc6 4. Ngf3 Nf6 5. e5 Nd7 6. Bb5 a6 7. Ba4 f6 8. c4 fxe5 9. dxe5 Nb6 10. cxd5 Qxd5 11. Bb3 Qb5 12. a4 Qb4 13. 0-0 Bd7 14. Nb1 0-0-0 15. Bd2 Qg4 16. a5 Nd5 17. Nc3 Nf4 18. Bxf4 Qxf4 19. Qe2 g5 20. g3 Qg4 21. Bc4 Be7 22. Ne4 h6 23. Rfc1 Rhf8 24. Kg2 Qf5 25. Nfd2 Nd4 26. Qe3 Bc6 27. Bd3 Qxf2+ 28. Qxf2 Rxf2+ 29. Kxf2 Rf8+ 30. Nf6 Bb4 31. Rc4 Bxd2 32. Rxd4 1-0

[Event "EU-ch U16 23rd"]
[Site "Budva"]
[Date "2013.09.30"]
[Round "2"]
[White "Huber, Martin Christian"]
[Black "Procop, Egor"]
[Result "1-0"]
[WhiteElo "2297"]
[BlackElo "2062"]
[PlyCount "71"]
[EventDate "2013.09.29"]
[EventType "swiss"]
[EventRounds "9"]
[EventCountry "MNE"]
[SourceTitle "CBM 156 Extra"]
[Source "ChessBase"]
[SourceDate "2013.10.22"]
[SourceVersion "1"]
[SourceVersionDate "2013.10.22"]
[SourceQuality "1"]

1. Nf3 c5 2. c4 Nc6 3. Nc3 e5 4. g3 g6 5. Bg2 Bg7 6. 0-0 Nge7 7. a3 d6 8. Rb1 a5 9. d3 0-0 10. Ne1 Be6 11. Nc2 Rb8 12. Ne3 Qd7 13. Ned5 Bh3 14. Ne4 Nxd5 15. cxd5 Ne7 16. Bxh3 Qxh3 17. Qb3 Qd7 18. a4 f5 19. Ng5 b5 20. Ne6 Rfc8 21. axb5 Qxb5 22. Qc4 Qxc4 23. dxc4 Bf6 24. Bd2 a4 25. Bc3 Kf7 26. Ra1 e4 27. Rxa4 Bxc3 28. bxc3 Rb3 29. Ra6 Rxc3 30. Rxd6 Rxc4 31. Ra1 h6 32. Rd7 Kf6 33. Ra6 Rc1+ 34. Kg2 Ng8 35. Nf4+ Ke5 36. e3 1-0

[Event "EU-ch U16 23rd"]
[Site "Budva"]
[Date "2013.09.29"]
[Round "1"]
[White "Procop, Egor"]
[Black "Faizrakhmanov, Ramil"]
[Result "1/2-1/2"]
[WhiteElo "2062"]
[BlackElo "2343"]
[PlyCount "158"]
[EventDate "2013.09.29"]
[EventType "swiss"]
[EventRounds "9"]
[EventCountry "MNE"]
[SourceTitle "CBM 156 Extra"]
[Source "ChessBase"]
[SourceDate "2013.10.22"]
[SourceVersion "1"]
[SourceVersionDate "2013.10.22"]
[SourceQuality "1"]

1. e4 c6 2. Nc3 d5 3. Nf3 Bg4 4. h3 Bxf3 5. Qxf3 e6 6. d3 Nd7 7. Bd2 g6 8. g4 Bg7 9. 0-0-0 Ne7 10. Kb1 a6 11. h4 h5 12. Bh3 Ne5 13. Qg3 hxg4 14. Bxg4 Nxg4 15. Qxg4 Ng8 16. exd5 cxd5 17. Bg5 Qb6 18. d4 Nh6 19. Qf4 Nf5 20. h5 Kd7 21. Na4 Qd6 22. Nc5+ Kc6 23. Qxd6+ Kxd6 24. Nxb7+ Kc7 25. Nd8 Rhxd8 26. Bxd8+ Rxd8 27. hxg6 Bxd4 28. Rh7 Bg7 29. gxf7 Rf8 30. Rd3 Rxf7 31. Rc3+ Kd6 32. Rb3 Kc5 33. Rb8 e5 34. Ra8 Rf6 35. c3 e4 36. Kc2 Bh6 37. b4+ Kb6 38. Rha7 Nd6 39. Rxa6+ Kc7 40. R8a7+ Kd8 41. Rh7 Rxf2+ 42. Kb3 Bf8 43. Ra8+ Nc8 44. Rh5 e3 45. Rxd5+ Kc7 46. Re5 e2 47. Raa5 Bd6 48. Re4 Rg2 49. Rd5 Ne7 50. Rh5 Ng6 51. Rh7+ Kc6 52. Rg7 Kd5 53. Rxe2 Rxe2 54. Rxg6 Be5 55. Rg8 Re3 56. Rc8 Kd6 57. b5 Re1 58. a4 Rb1+ 59. Kc4 Kd7 60. Rc6 Ra1 61. Kb3 Bd6 62. Ra6 Bc7 63. Kc4 Kc8 64. Kc5 Kb7 65. c4 Bd8 66. Kb4 Rb1+ 67. Kc3 Rc1+ 68. Kb3 Bc7 69. Re6 Bb6 70. Re2 Rb1+ 71. Rb2 Rxb2+ 72. Kxb2 Ba5 73. c5 Bb4 74. c6+ Kb6 75. Kb3 Bd6 76. Kc4 Ka5 77. Kd5 Bc7 78. Ke6 Kxa4 79. Kd7 Bb6 1/2-1/2

[Event "Kishinev Ghimpu Memorial op"]
[Site "Kishinev"]
[Date "2012.11.12"]
[Round "6"]
[White "Procop, Egor"]
[Black "Postolache, Viorel"]
[Result "1/2-1/2"]
[WhiteElo "1957"]
[BlackElo "2159"]
[PlyCount "69"]
[EventDate "2012.11.09"]
[EventType "swiss"]
[EventRounds "9"]
[EventCountry "MDA"]
[SourceTitle "EXT 2014"]
[Source "ChessBase"]
[SourceDate "2013.11.20"]
[SourceVersion "1"]
[SourceVersionDate "2013.11.20"]
[SourceQuality "1"]

1. e4 c5 2. Nf3 d6 3. c3 Nf6 4. d3 g6 5. g3 Bg7 6. Bg2 Nc6 7. 0-0 0-0 8. Be3 Bg4 9. Qd2 c4 10. Ne1 cxd3 11. Nxd3 Qd7 12. Bd4 Rad8 13. f4 e5 14. Be3 Bh3 15. fxe5 dxe5 16. Nf2 Qe7 17. Qe2 Be6 18. Nd2 Nd7 19. Nf3 h6 20. Nh4 a6 21. a4 Na5 22. Rfd1 Bb3 23. Rd5 Bc4 24. Qc2 Bxd5 25. exd5 Nc4 26. Bc1 Qc5 27. b3 Ne3 28. Qd3 Ng4 29. Ra2 Ndf6 30. Qc4 Qxc4 31. bxc4 Rc8 32. Ba3 Rxc4 33. Bxf8 Bxf8 34. Nd1 Bc5+ 35. Kh1 1/2-1/2

[Event "Kishinev Ghimpu Memorial op"]
[Site "Kishinev"]
[Date "2012.11.10"]
[Round "4"]
[White "Procop, Egor"]
[Black "Nevednichy, Boris M"]
[Result "0-1"]
[WhiteElo "1957"]
[BlackElo "2209"]
[PlyCount "68"]
[EventDate "2012.11.09"]
[EventType "swiss"]
[EventRounds "9"]
[EventCountry "MDA"]
[SourceTitle "EXT 2014"]
[Source "ChessBase"]
[SourceDate "2013.11.20"]
[SourceVersion "1"]
[SourceVersionDate "2013.11.20"]
[SourceQuality "1"]

1. e4 Nf6 2. Nc3 d5 3. exd5 Nxd5 4. Qf3 Nf6 5. h3 Nc6 6. Bb5 Bd7 7. d3 a6 8. Ba4 b5 9. Bb3 Nd4 10. Qf4 Bc6 11. Ne4 Nxb3 12. axb3 Nd5 13. Qf3 e6 14. Bd2 Qd7 15. Qe2 Be7 16. Nf3 f6 17. 0-0 0-0 18. d4 Rfe8 19. Rfd1 Bf8 20. c4 Nb6 21. Nc5 Qc8 22. Bb4 bxc4 23. bxc4 Bxf3 24. gxf3 e5 25. d5 Qxh3 26. Rxa6 Rxa6 27. Nxa6 Bxb4 28. Nxb4 Qh4 29. b3 e4 30. d6 cxd6 31. Rxd6 Qg5+ 32. Kh1 Qh5+ 33. Kg2 Re5 34. Rd8+ Kf7 0-1

[Event "World ol U16 10th"]
[Site "Kocaeli"]
[Date "2011.10.27"]
[Round "6.8"]
[White "Gundogan, Cem"]
[Black "Procop, Egor"]
[Result "1-0"]
[WhiteElo "1854"]
[BlackElo "1863"]
[PlyCount "93"]
[EventDate "2011.10.24"]
[EventType "team-swiss"]
[EventRounds "10"]
[EventCountry "TUR"]
[SourceTitle "EXT 2012"]
[Source "ChessBase"]
[SourceDate "2011.11.24"]
[SourceVersion "1"]
[SourceVersionDate "2011.11.24"]
[SourceQuality "1"]
[WhiteTeam "Turkey II"]
[BlackTeam "Moldova U16"]
[WhiteTeamCountry "TUR"]
[BlackTeamCountry "MDA"]

1. e4 c5 2. Nc3 Nc6 3. f4 g6 4. Nf3 Bg7 5. Bb5 e6 6. Bxc6 bxc6 7. d3 Ne7 8. 0-0 0-0 9. Be3 d6 10. Qe1 Rb8 11. Rb1 Ba6 12. Qh4 Nc8 13. Qh3 Qe7 14. f5 exf5 15. Bh6 f6 16. exf5 Qd7 17. Bxg7 Kxg7 18. Nh4 g5 19. Nf3 Qf7 20. Ne4 h6 21. Qg3 Ne7 22. Qxd6 Nxf5 23. Qxc5 Qd7 24. Qf2 Bc8 25. Ng3 Nxg3 26. Qxg3 Rb4 27. d4 Rf7 28. Rf2 Qd5 29. Rbf1 Ba6 30. Re1 Qxa2 31. b3 Qa5 32. Qd6 Rbb7 33. h4 Rbd7 34. Qg3 Qc3 35. hxg5 hxg5 36. Qg4 Rd8 37. Qe4 Rd5 38. Kh2 Bb7 39. Re3 Qa5 40. c4 Rd8 41. Ne5 Rh8+ 42. Kg3 fxe5 43. Rxf7+ Kxf7 44. Qf5+ Kg7 45. Qxg5+ Kh7 46. Kh2 Bc8 47. Rg3 1-0

[Event "World ol U16 10th"]
[Site "Kocaeli"]
[Date "2011.10.26"]
[Round "5.16"]
[White "Jehad, Aysha"]
[Black "Procop, Egor"]
[Result "0-1"]
[WhiteElo "1544"]
[BlackElo "1863"]
[PlyCount "78"]
[EventDate "2011.10.24"]
[EventType "team-swiss"]
[EventRounds "10"]
[EventCountry "TUR"]
[SourceTitle "EXT 2012"]
[Source "ChessBase"]
[SourceDate "2011.11.24"]
[SourceVersion "1"]
[SourceVersionDate "2011.11.24"]
[SourceQuality "1"]
[WhiteTeam "United Arab Emirates II"]
[BlackTeam "Moldova U16"]
[WhiteTeamCountry "UAE"]
[BlackTeamCountry "MDA"]

1. e4 c5 2. Nf3 Nc6 3. d4 cxd4 4. Nxd4 Nf6 5. Nc3 e5 6. Ndb5 d6 7. Bg5 a6 8. Bxf6 gxf6 9. Na3 b5 10. Nd5 Be6 11. c3 Rc8 12. Qf3 Bg7 13. Bd3 Bxd5 14. exd5 Ne7 15. Nc2 Ng6 16. g3 Rc5 17. Ne3 Ne7 18. Rd1 Qd7 19. Nf5 Nxf5 20. Bxf5 Qd8 21. 0-0 Rc7 22. Rfe1 Re7 23. Re4 Qa5 24. Rg4 Kf8 25. a3 Qb6 26. Re1 Qc5 27. Qd3 h5 28. Rh4 Re8 29. Qf3 Ke7 30. Rd1 Reg8 31. Rxh5 Qc4 32. Rxh8 Rxh8 33. Re1 Bh6 34. b3 Qxb3 35. Qd3 Qxa3 36. f4 Qb2 37. Qe3 Bxf4 38. gxf4 Rg8+ 39. Kf1 Qg2# 0-1

[Event "World ol U16 10th"]
[Site "Kocaeli"]
[Date "2011.10.24"]
[Round "1.12"]
[White "Procop, Egor"]
[Black "Isakjanov, Kelsinbek"]
[Result "1/2-1/2"]
[WhiteElo "1863"]
[BlackElo "1787"]
[PlyCount "94"]
[EventDate "2011.10.24"]
[EventType "team-swiss"]
[EventRounds "10"]
[EventCountry "TUR"]
[SourceTitle "EXT 2012"]
[Source "ChessBase"]
[SourceDate "2011.11.24"]
[SourceVersion "1"]
[SourceVersionDate "2011.11.24"]
[SourceQuality "1"]
[WhiteTeam "Moldova U16"]
[BlackTeam "Kyrgyzstan"]
[WhiteTeamCountry "MDA"]
[BlackTeamCountry "KGZ"]

1. e4 c5 2. Nf3 d6 3. d4 cxd4 4. Nxd4 Nf6 5. Nc3 g6 6. Be3 Bg7 7. f3 0-0 8. Qd2 Nc6 9. 0-0-0 Bd7 10. g4 Ne5 11. h4 h5 12. g5 Nh7 13. f4 Ng4 14. Be2 Qa5 15. Bxg4 Bxg4 16. Rdf1 Rac8 17. Nb3 Bxc3 18. Nxa5 Bxd2+ 19. Bxd2 b6 20. Nb3 Rc4 21. e5 dxe5 22. fxe5 Rfc8 23. c3 Be6 24. Rf4 Rxf4 25. Bxf4 Bxb3 26. axb3 Nf8 27. Rd1 Ne6 28. Be3 Rc7 29. Kc2 Kf8 30. b4 Ke8 31. Kb3 Rd7 32. Rxd7 Kxd7 33. Kc4 Kc6 34. b5+ Kd7 35. Kd3 Nd8 36. Ke4 Ke6 37. c4 Nb7 38. b4 f6 39. gxf6 exf6 40. Bf4 f5+ 41. Kd4 Nd8 42. c5 Kd7 43. Kd5 Ne6 44. Be3 Nc7+ 45. Kc4 Na8 46. Kd5 Nc7+ 47. Kc4 Na8 1/2-1/2